Best Picture Words (A-Z) Quiz Stats

 Plays Quiz Updated Mar 5, 2018

Challenge
Share
Tweet
Embed
Score 0/25 Timer 04:00
0 Plays Today
Letters Word(s) % Correct
AArtist, Argo, All, Agreement, About, An, American, Around, Apartment, Arabia, Annie, Amadeus, Africa, A
99.2%
OOn, One, Of, Or, Our, Oliver, Over, Ordinary, Out, Old
83.8%
GGladiator, Grand, Great, Gone, Green, Going, Gentleman's, Greatest, Gigi, Godfather, Gandhi, Gump
83.1%
TThe, Take, To, Tom, Terms, Titanic
83.1%
FFront, From, Fair, For, French, Flew, Fire, Forrest
81.3%
MMelody, Mutiny, My, Mrs., Miniver, Men, Moonlight, Marty, Music, Man, Midnight, Miss, Mind, Million, Millionaire
80.6%
IIt, Ignorance, In
79.8%
CCimarron, Cavalcade, Can't, Casablanca, Cowboy, Connection, Cuckoo's, Chariots, Chicago, Crash, Country
78.9%
BBroadway, Bounty, Birdman, Best, Bridge, Ben-Hur, Braveheart, Beauty, Beautiful, Baby
78.8%
LLife, Lost, Lives, Lawrence, Lady, Last, Lambs, List, Love, Lord, Locker
78%
NNight, Nest, No
74.7%
HHotel, Happened, How, Hamlet, Here, Heat, Hall, Hunter, Hurt
70.7%
EEmile, Eve, Earth, Eternity, Endearment, Emperor, English
67.2%
Letters Word(s) % Correct
WWater, Wings, Western, With, Wind, Was, Way, Weekend, Waterfront, World, West, Wolves
66.9%
SShape, Show, Side, Story, Sound, Seasons, Sting, Sunrise, Silence, Spotlight, Schindler's, Shakespeare, Slumdog, Speech, Slave
62.6%
YYou, Years
62.2%
KKing's, Kwai, Kramer, King
60%
DDays, Deer, Driving, Daisy, Dances, Dollar, Departed
59.6%
PParis, Patton, Part, People, Platoon, Patient
51.5%
RRebecca, River, Rocky, Rain, Rings, Return
45.8%
QQuiet
39.1%
VValley, Virtue, Vs.
27.5%
UUnforgiven, Unexpected
23.5%
ZZiegfeld, Zola
19.6%
JJones
11%

You're not logged in!

Compare scores with friends on all Sporcle quizzes.
OR
Log In

You Might Also Like...

Show Comments

Extras

Top Quizzes Today


Score Distribution

Your Account Isn't Verified!

In order to create a playlist on Sporcle, you need to verify the email address you used during registration. Go to your Sporcle Settings to finish the process.

Report this User

Report this user for behavior that violates our Community Guidelines.

Details: